Al servicio de la Fe (Record no. 26104)

MARC details
000 -LEADER
campo de control de longitud fija 00596nam a2200181 i 4500
001 - NÚMERO DE CONTROL
campo de control 26104
003 - IDENTIFICADOR DE NÚMERO DE CONTROL
campo de control ES-MaACL
005 - FECHA Y HORA DE LA ÚLTIMA TRANSACCIÓN
campo de control 20230906153403.0
007 - CAMPO FIJO DE DESCRIPCIÓN FÍSICA--INFORMACIÓN GENERAL
campo de control de longitud fija t|
008 - DATOS DE LONGITUD FIJA--INFORMACIÓN GENERAL
campo de control de longitud fija 030107s1960 ag ||||1| spa d
100 1# - ENTRADA PRINCIPAL--NOMBRE DE PERSONA
Nombre de persona Arnold, Franz Xaver.
9 (RLIN) 23107
245 10 - MENCIÓN DEL TÍTULO
Título Al servicio de la Fe
Resto del título : ensayo de pastoral catequística /
Mención de responsabilidad, etc. Franz Xaver Arnold ; [versión española de Casiano Floristán Samanes].
260 ## - PUBLICACIÓN, DISTRIBUCIÓN, ETC.
Lugar de publicación, distribución, etc. Buenos Aires :
Nombre del editor, distribuidor, etc. Herder,
Fecha de publicación, distribución, etc. 1960.
300 ## - DESCRIPCIÓN FÍSICA
Extensión 82 p. ;
Dimensiones 22 cm.
650 04 - PUNTO DE ACCESO ADICIONAL DE MATERIA--TÉRMINO DE MATERIA
Término de materia o nombre geográfico como elemento de entrada Fe.
9 (RLIN) 12734
700 1# - ENTRADA AGREGADA--NOMBRE PERSONAL
Nombre de persona Floristán, Casiano (
Fechas asociadas al nombre 1926-2006)
9 (RLIN) 51340
852 ## - LOCALIZACIÓN
Ubicación ES-MaACL
Número de control de estantería C-18870
Sublocalización o colección R.46399
Holdings
Estatus retirado Estado de pérdida Estado de daño No para préstamo Biblioteca de origen Biblioteca actual Ubicación en estantería Fecha de adquisición Fuente de adquisición Total de préstamos Signatura topográfica completa Código de barras Visto por última vez Precio de reemplazo Tipo de ítem Koha
        Biblioteca del Ateneo de Madrid Biblioteca del Ateneo de Madrid Galería 17/01/2008     C-18870 1026939 23/02/2023 23/02/2023 Libro impreso